| 000 | 01065nam a22002655a 4500 | ||
|---|---|---|---|
| 003 | OSt | ||
| 005 | 20161213105046.0 | ||
| 008 | 161213s2006 ua frb 000 0 ara d | ||
| 015 | _a2006/23567 | ||
| 020 | _a9770451010 | ||
| 040 |
_aEG-ScBUE _bara _cEG-ScBUE |
||
| 043 | _af-ua--- | ||
| 082 | 0 | 4 |
_a343.6207 _bس ب ا _222 |
| 100 | 1 | _aسباق، الحسن محمد محمد. | |
| 245 | 1 | 0 |
_aأثر الخصخصة على حقوق العمال / _cالحسن محمد محمد سباق. |
| 260 |
_aالقاهرة : _bدار النهضة العربية، _c2006. |
||
| 300 |
_a533 ص. ؛ _c24 سم. |
||
| 502 | _6الأصل أطروحة (دكتوراه) - جامعة أسيوط. كلية الحقوق. قسم القانون المدنى، 2006. | ||
| 504 | _aيشتمل على إرجاعات ببليوجرافية. | ||
| 650 | 7 |
_aالخصخصة _xقوانين وتشريعات _zمصر. _2BUEsh |
|
| 650 | 7 |
_aالعمل والعمال _xقوانين وتشريعات _zمصر. _2BUEsh _910938 |
|
| 651 | _2BUEsh | ||
| 653 |
_bLLAAWW _cDecember2016 |
||
| 942 | _2ddc | ||
| 999 |
_c23551 _d23523 |
||